[Event "11th Philadelphia International"]
[Site "Philadelphia, PA"]
[Date "2017.06.28"]
[Round "8.2"]
[White "Checa, Nicolas"]
[Black "Nyzhnyk, Illia"]
[Result "1/2-1/2"]
[WhiteElo "2415"]
[BlackElo "2612"]
[PlyCount "32"]
[EventDate "2017.06.??"]
[EventType "swiss"]
[EventRounds "9"]
[EventCountry "USA"]
[WhiteClock "1:54:06"]
[BlackClock "1:54:32"]

1. d4 d5 2. c4 e6 3. Nf3 Nf6 4. Nc3 Bb4 5. Bg5 dxc4 6. e4 c5 7. dxc5 Qxd1+ 8.
Rxd1 Bxc3+ 9. bxc3 Nbd7 10. c6 bxc6 11. Bxf6 Nxf6 12. Nd2 Ba6 13. f3 Ke7 14.
Bxc4 Bb5 15. Rb1 Rab8 16. Ke2 Rhd8 1/2-1/2

[Event "11th Philadelphia International"]
[Site "Philadelphia, PA"]
[Date "2017.06.28"]
[Round "8.4"]
[White "Garcia, Jan"]
[Black "Stukopin, Andrey"]
[Result "0-1"]
[WhiteElo "2436"]
[BlackElo "2577"]
[PlyCount "124"]
[EventDate "2017.06.??"]
[EventType "swiss"]
[EventRounds "9"]
[EventCountry "USA"]
[WhiteClock "0:17:47"]
[BlackClock "0:00:13"]

1. c4 c5 2. g3 Nc6 3. Bg2 g6 4. e3 Bg7 5. Ne2 h5 6. h4 d6 7. Nbc3 Nh6 8. d3 O-O
9. O-O Bd7 10. a3 a5 11. Rb1 Nf5 12. b3 Rb8 13. Bb2 Na7 14. a4 Nc6 15. Nb5 Nb4
16. Bxg7 Nxg7 17. d4 cxd4 18. Nexd4 Bg4 19. Qd2 d5 20. cxd5 Nxd5 21. Bf3 Nb4
22. Bxg4 hxg4 23. Qe2 e5 24. Nc2 Qd3 25. Qxd3 Nxd3 26. e4 Ne6 27. Ne3 Nec5 28.
Nc3 f5 29. exf5 gxf5 30. f3 gxf3 31. Rxf3 f4 32. gxf4 Rxf4 33. Rg3+ Kh8 34. Ng2
Rd4 35. Nb5 Rd7 36. Nc3 Rg8 37. Rxg8+ Kxg8 38. Kh2 Rd4 39. Kg3 Nb4 40. Ne1 Kg7
41. Ne2 Re4 42. Rb2 Re3+ 43. Kg4 Nd5 44. Rd2 Nf6+ 45. Kf5 Nfe4 46. Rc2 Nd6+ 47.
Kg4 Nce4 48. Ng2 Nf6+ 49. Kg5 Rf3 50. Ngf4 exf4 51. Rc7+ Nf7+ 52. Kf5 Re3 53.
Rxb7 f3 54. Ng3 f2 55. Nf1 Re1 56. Nh2 Nh5 57. Kg4 Rh1 58. Nf1 Rxf1 59. Kf3 Nf4
60. h5 Nd3 61. h6+ Kg6 62. h7 Rh1 0-1

[Event "11th Philadelphia International"]
[Site "Philadelphia, PA"]
[Date "2017.06.28"]
[Round "8.5"]
[White "Peng, David"]
[Black "Li, Ruifeng"]
[Result "1/2-1/2"]
[WhiteElo "2254"]
[BlackElo "2571"]
[PlyCount "175"]
[EventDate "2017.06.??"]
[EventType "swiss"]
[EventRounds "9"]
[EventCountry "USA"]

1. e4 g6 2. d4 Bg7 3. Nc3 a6 4. g3 b5 5. Bg2 Bb7 6. Nge2 d6 7. O-O Nd7 8. Be3
e5 9. dxe5 Nxe5 10. f4 Nc6 11. h3 Qd7 12. a4 b4 13. Nd5 Nf6 14. f5 gxf5 15. Bh6
O-O 16. Qc1 Nxd5 17. Bxg7 Kxg7 18. exd5 Ne5 19. Nd4 Kh8 20. Qh6 f6 21. Ne6 Rf7
22. Rxf5 Rg8 23. Qh4 Qe7 24. Raf1 Bc8 25. Rxf6 Bxe6 26. dxe6 Rxf6 27. Qxf6+
Qxf6 28. Rxf6 Kg7 29. Rf4 a5 30. Be4 Re8 31. Bf5 h6 32. Kf2 Kf6 33. Ke3 Ng6 34.
Rf2 Nf8 35. Bg4+ Kg6 36. Kd3 Nxe6 37. Bxe6 Rxe6 38. Rf8 Re5 39. Rb8 Kf6 40. Rh8
h5 41. Rh7 Rd5+ 42. Ke3 Rg5 43. g4 hxg4 44. hxg4 Rc5 45. Kd3 d5 46. Rh5 Ke6 47.
Rg5 c6 48. Rg8 Kf6 49. g5+ Kf5 50. Rg7 Rc4 51. Ra7 Kxg5 52. Rxa5 Kf5 53. Ra8
Ke5 54. c3 bxc3 55. bxc3 Kd6 56. Kc2 Kc5 57. Kb3 Rh4 58. Rg8 Rh1 59. Rg4 Rb1+
60. Kc2 Rb8 61. Rh4 Rd8 62. Kb3 Kb6 63. Rh6 Re8 64. Rg6 Re3 65. Kb4 Re4+ 66.
Kb3 Re1 67. Rh6 Kc5 68. Kb2 Re8 69. Kb3 Re4 70. Rg6 Rc4 71. Rh6 Kb6 72. Rg6 Ka5
73. Rd6 Kb6 74. Rg6 Rf4 75. Rh6 Rf7 76. Rg6 Kc7 77. Kb4 Rf4+ 78. Kb3 c5 79. Rh6
Rf3 80. Kb2 c4 81. Rg6 Rf8 82. a5 Rb8+ 83. Kc2 Rb3 84. a6 Ra3 85. Kb2 Ra5 86.
Rh6 Kb8 87. Rg6 Ka7 88. Rd6 1/2-1/2

[Event "11th Philadelphia International"]
[Site "Philadelphia, PA"]
[Date "2017.06.28"]
[Round "8.7"]
[White "Becerra, Julio"]
[Black "Sarkar, Justin"]
[Result "1-0"]
[WhiteElo "2556"]
[BlackElo "2375"]
[PlyCount "73"]
[EventDate "2017.06.??"]
[EventType "swiss"]
[EventRounds "9"]
[EventCountry "USA"]

1. e4 c6 2. d4 d5 3. e5 Bf5 4. h4 h5 5. Bd3 Bxd3 6. Qxd3 e6 7. Nf3 Qa5+ 8. Nc3
Qa6 9. Qd1 Bb4 10. Bd2 Bxc3 11. Bxc3 Ne7 12. Bb4 Nf5 13. b3 Nd7 14. Rc1 Rd8 15.
Qe2 Qxe2+ 16. Kxe2 f6 17. c4 dxc4 18. bxc4 c5 19. dxc5 Nxe5 20. Nxe5 fxe5 21.
Bc3 Nd4+ 22. Bxd4 exd4 23. Rb1 Rd7 24. Kd3 O-O 25. Rb2 Rc8 26. Rhb1 Rcc7 27.
Rb5 g6 28. Ra5 e5 29. f3 Kf7 30. Rxa7 Ke6 31. Rb6+ Kf5 32. Ra8 Rf7 33. Rg8 Rc6
34. a4 Rff6 35. a5 Kf4 36. Rd8 Rf7 37. a6 1-0

[Event "11th Philadelphia International"]
[Site "Philadelphia, PA"]
[Date "2017.06.28"]
[Round "8.8"]
[White "Paragua, Mark"]
[Black "Aaron, Deepak"]
[Result "0-1"]
[WhiteElo "2520"]
[BlackElo "2321"]
[PlyCount "106"]
[EventDate "2017.06.??"]
[EventType "swiss"]
[EventRounds "9"]
[EventCountry "USA"]

1. d4 e6 2. Nf3 f5 3. c4 Nf6 4. Nc3 Bb4 5. Qc2 b6 6. g3 Bb7 7. Bg2 Be4 8. Qb3
Bxc3+ 9. Qxc3 O-O 10. O-O h6 11. Rd1 d6 12. b4 Qe8 13. a4 Qh5 14. a5 Nbd7 15.
Bf1 Rac8 16. axb6 axb6 17. Ra7 Ba8 18. Qc2 Ne4 19. d5 Ndf6 20. h3 exd5 21. cxd5
Qf7 22. e3 Kh8 23. Ba6 Bxd5 24. Bxc8 Rxc8 25. Nd4 Qh5 26. f3 Ng5 27. Rf1 Nfe4
28. Qh2 Nxh3+ 29. Kg2 Neg5 30. e4 c5 31. bxc5 bxc5 32. Bxg5 cxd4 33. Rc1 Rxc1
34. Bxc1 fxe4 35. Qxh3 exf3+ 36. Kh2 Qxh3+ 37. Kxh3 f2 38. Rf7 Bxf7 39. Kg2 d3
40. Kxf2 g5 41. Ke3 Bg6 42. g4 d5 43. Bb2+ Kh7 44. Bc3 Be4 45. Kf2 Kg6 46. Kg3
Kf7 47. Kf2 Kg6 48. Kg3 d4 49. Bb4 Kf6 50. Kf2 Bg6 51. Bd2 Ke5 52. Bc1 Bf7 53.
Bd2 Be6 0-1

[Event "11th Philadelphia International"]
[Site "Philadelphia, PA"]
[Date "2017.06.28"]
[Round "8.9"]
[White "Guo, Arthur"]
[Black "Wheeler, Cameron"]
[Result "0-1"]
[WhiteElo "2122"]
[BlackElo "2407"]
[PlyCount "86"]
[EventDate "2017.06.??"]
[EventType "swiss"]
[EventRounds "9"]
[EventCountry "USA"]

1. e4 e6 2. d4 d5 3. Nd2 Nf6 4. e5 Nfd7 5. Bd3 c5 6. c3 Nc6 7. Ngf3 cxd4 8.
cxd4 f6 9. exf6 Nxf6 10. O-O Bd6 11. Re1 O-O 12. Nf1 Qb6 13. b3 Bd7 14. Bb2 Kh8
15. Rc1 Rae8 16. Bb1 Bf4 17. N1d2 e5 18. dxe5 Ng4 19. Re2 Ncxe5 20. Bxe5 Rxe5
21. Rxe5 Nxf2 22. Qe2 Nd3+ 23. Kh1 Nxc1 24. Qd1 Bxe5 25. Nxe5 Qe3 26. Ndf3 Be6
27. h3 Ne2 28. Qe1 d4 29. Bd3 Nf4 30. Qb4 Rf6 31. Bb5 Nxh3 32. Qxd4 Nf2+ 33.
Kg1 Qxd4 34. Nxd4 Ng4 35. Nxe6 Nxe5 36. Nc5 b6 37. Ne4 Rf4 38. Nc3 Kg8 39. a4
Rb4 40. Kf2 Rxb3 41. Nd5 Kf7 42. Ne3 Ke6 43. Nc4 Rxb5 0-1

[Event "11th Philadelphia International"]
[Site "Philadelphia, PA"]
[Date "2017.06.28"]
[Round "8.11"]
[White "Belous, Vladimir"]
[Black "Jirasek, Ladia"]
[Result "1-0"]
[WhiteElo "2567"]
[BlackElo "2271"]
[PlyCount "117"]
[EventDate "2017.06.??"]
[EventType "swiss"]
[EventRounds "9"]
[EventCountry "USA"]

1. Nf3 Nf6 2. c4 g6 3. Nc3 Bg7 4. e4 d6 5. d4 O-O 6. Be2 e5 7. d5 a5 8. Bg5 Na6
9. O-O h6 10. Bh4 Qe8 11. Nd2 Nh7 12. a3 Bd7 13. b3 h5 14. f3 Bh6 15. Rb1 Be3+
16. Kh1 f5 17. exf5 gxf5 18. f4 exf4 19. Bxh5 Qe5 20. Ne2 Nc5 21. Bg6 Nf6 22.
Nf3 Qe7 23. Nfd4 Qg7 24. Bxf5 Nfe4 25. Bxd7 Qxd7 26. b4 axb4 27. axb4 Qg4 28.
Be1 Ra2 29. h3 Qg6 30. bxc5 Bxd4 31. Rxf4 Be5 32. Rg4 Qxg4 33. hxg4 Rf1+ 34.
Ng1 Rd2 35. Qf3 Rxf3 36. Nxf3 Rc2 37. Nxe5 dxe5 38. Rxb7 Rc1 39. Kh2 Rxe1 40.
Rxc7 Kf8 41. c6 Rc1 42. Rd7 Ke8 43. g5 Nxg5 44. Rg7 Ne4 45. Rg8+ Ke7 46. c7
Rxc4 47. c8=Q Rxc8 48. Rxc8 Nf6 49. Rc5 Ne4 50. Rc6 Nf6 51. Rxf6 Kxf6 52. Kg3
Kf5 53. Kf3 e4+ 54. Ke3 Ke5 55. d6 Kxd6 56. Kxe4 Ke6 57. Kf4 Kf6 58. Kg4 Kg6
59. g3 1-0

[Event "11th Philadelphia International"]
[Site "Philadelphia, PA"]
[Date "2017.06.28"]
[Round "8.12"]
[White "Banik, Siddharth"]
[Black "Hernandez, Holden"]
[Result "0-1"]
[WhiteElo "2209"]
[BlackElo "2510"]
[PlyCount "46"]
[EventDate "2017.06.??"]
[EventType "swiss"]
[EventRounds "9"]
[EventCountry "USA"]

1. e4 c6 2. d4 d5 3. e5 Bf5 4. h4 h6 5. g4 Be4 6. f3 Bh7 7. e6 Qd6 8. exf7+
Kxf7 9. Ne2 Nd7 10. Nbc3 e5 11. Be3 Re8 12. Bg2 Ngf6 13. Qd2 exd4 14. Bxd4 Ne5
15. Bxe5 Qxe5 16. O-O-O Bc5 17. Nd4 Qe3 18. Qxe3 Rxe3 19. Nb3 Bd6 20. Kb1 Rhe8
21. Nd2 Bb4 22. Nf1 Re2 23. Nxe2 Rxe2 0-1

[Event "11th Philadelphia International"]
[Site "Philadelphia, PA"]
[Date "2017.06.28"]
[Round "8.18"]
[White "Niemann, Hans"]
[Black "Guddanti, Harshita"]
[Result "1-0"]
[WhiteElo "2282"]
[BlackElo "2023"]
[PlyCount "95"]
[EventDate "2017.06.??"]
[EventType "swiss"]
[EventRounds "9"]
[EventCountry "USA"]

1. d4 Nf6 2. c4 e6 3. Nc3 Bb4 4. Bg5 c5 5. d5 Bxc3+ 6. bxc3 d6 7. e3 e5 8. Qc2
O-O 9. Nf3 Re8 10. Nd2 h6 11. Bh4 Qe7 12. Be2 e4 13. O-O-O Nbd7 14. g4 g5 15.
Bg3 Nf8 16. h3 Ng6 17. Rhf1 Nd7 18. Nxe4 Qxe4 19. Bd3 Qe7 20. Bxg6 Ne5 21. Bd3
Nxd3+ 22. Qxd3 a6 23. Rfe1 b5 24. e4 f6 25. e5 fxe5 26. Qg6+ Kh8 27. Qxh6+ Kg8
28. Qg6+ Kh8 29. f4 gxf4 30. Bh4 Qxh4 31. Qxe8+ Kg7 32. Qc6 Qxh3 33. Kb2 b4 34.
Qxd6 Qxc3+ 35. Kb1 b3 36. Qxe5+ Qxe5 37. Rxe5 Kf6 38. Re4 Bxg4 39. Rxf4+ Kg5
40. Rxg4+ Kxg4 41. axb3 Kf5 42. Kb2 Rd8 43. Rf1+ Ke5 44. Kc3 a5 45. Re1+ Kf5
46. Re6 Rg8 47. Rc6 Rg3+ 48. Kb2 1-0

[Event "11th Philadelphia International"]
[Site "Philadelphia, PA"]
[Date "2017.06.28"]
[Round "8.19"]
[White "Cooke, Eric"]
[Black "Hong, Andrew"]
[Result "1/2-1/2"]
[WhiteElo "2118"]
[BlackElo "2383"]
[PlyCount "157"]
[EventDate "2017.06.??"]
[EventType "swiss"]
[EventRounds "9"]
[EventCountry "USA"]

1. d4 d5 2. c4 e6 3. Nc3 c6 4. Nf3 Nf6 5. Bg5 Nbd7 6. e3 Qa5 7. Nd2 Bb4 8. Qc2
O-O 9. Be2 e5 10. O-O exd4 11. exd4 dxc4 12. Bxf6 Nxf6 13. Nxc4 Qc7 14. a3 Bd6
15. Nxd6 Qxd6 16. Rad1 Be6 17. Bf3 Rad8 18. Rfe1 Qb8 19. h3 Rd6 20. b4 Qc8 21.
Ne2 Rfd8 22. Rc1 Qd7 23. Qb2 Ne8 24. Rc3 Nc7 25. Re3 Nb5 26. Bg4 Bxg4 27. hxg4
Qxg4 28. Ng3 h6 29. Qb1 Rg6 30. Re4 Qd7 31. Nf5 Re6 32. Rxe6 fxe6 33. Qb3 Nc7
34. Re4 Qf7 35. Nh4 Rd5 36. Nf3 Qf6 37. Qe3 Rd6 38. Qc3 Nb5 39. Qe3 Nc7 40. Qc3
Nd5 41. Qc5 Rd8 42. Qxa7 Nf4 43. Qxb7 Nxg2 44. Qc7 Qxf3 45. Qxd8+ Kh7 46. Rh4
Ne1 47. Qg5 Qb3 48. Qg4 Nf3+ 49. Kg2 Nxh4+ 50. Qxh4 Qxa3 51. Qe4+ Kh8 52. Qxe6
Qxb4 53. Qc8+ Kh7 54. Qf5+ Kh8 55. Qc8+ Kh7 56. Qf5+ Kg8 57. Qc8+ Kf7 58. Qf5+
Ke7 59. Qe5+ Kf8 60. Qf5+ Ke8 61. Qc8+ Ke7 62. Qc7+ Kf8 63. Qc8+ Kf7 64. Qf5+
Kg8 65. Qe6+ Kf8 66. Qc8+ Kf7 67. Qf5+ Kg8 68. Qe6+ Kh8 69. Qc8+ Kh7 70. Qf5+
Kg8 71. Qe6+ Kf8 72. Qc8+ Ke7 73. Qc7+ Kf8 74. Qc8+ Kf7 75. Qf5+ Ke7 76. Qe5+
Kf7 77. Qf5+ Ke8 78. Qc8+ Kf7 79. Qf5+ 1/2-1/2

[Event "11th Philadelphia International"]
[Site "Philadelphia, PA"]
[Date "2017.06.28"]
[Round "8.20"]
[White "Ruiz, Joshua"]
[Black "Eswaran, Ashritha"]
[Result "1-0"]
[WhiteElo "2367"]
[BlackElo "2086"]
[PlyCount "141"]
[EventDate "2017.06.??"]
[EventType "swiss"]
[EventRounds "9"]
[EventCountry "USA"]

1. e4 c5 2. Nf3 d6 3. d4 cxd4 4. Nxd4 Nf6 5. Nc3 g6 6. Be3 Bg7 7. f3 Nc6 8. Qd2
O-O 9. O-O-O d5 10. exd5 Nxd5 11. Nxc6 bxc6 12. Nxd5 cxd5 13. Qxd5 Qc7 14. Qc5
Qb7 15. Qa3 Bf5 16. c3 Rab8 17. Ba6 Qc6 18. Bd3 Bxd3 19. Rxd3 Rfc8 20. Rhd1 Qb5
21. R1d2 Bf6 22. Kd1 a5 23. Ke1 Qh5 24. h3 Bg5 25. Bxg5 Qxg5 26. Kf1 e6 27. Qa4
Rxb2 28. Rxb2 Qc1+ 29. Qd1 Qxb2 30. Rd8+ Rxd8 31. Qxd8+ Kg7 32. Qxa5 Qc1+ 33.
Kf2 Qd2+ 34. Kg3 Qe1+ 35. Kh2 h5 36. f4 Qd2 37. Qe5+ f6 38. Qc7+ Kh6 39. a4 e5
40. Qc4 exf4 41. Qd4 Qc1 42. Qxf6 Qe3 43. Qf8+ Kg5 44. Qd8+ Kh6 45. Qd1 Qg3+
46. Kh1 Qxc3 47. Qf1 g5 48. Qa6+ Kg7 49. Qb7+ Kf6 50. Qe4 Qd2 51. Qf3 Kf5 52.
Qa3 g4 53. Qc5+ Ke4 54. Qe7+ Kd3 55. hxg4 Qd1+ 56. Kh2 hxg4 57. Qd7+ Kc2 58.
Qc7+ Kb3 59. Qxf4 Qe2 60. Kg3 Qe1+ 61. Kxg4 Qe6+ 62. Kf3 Qd5+ 63. Kf2 Kc2 64.
g4 Qc5+ 65. Kg2 Qd5+ 66. Qf3 Qd6 67. a5 Qa6 68. Qf5+ Kd2 69. g5 Qc6+ 70. Kg3
Qc3+ 71. Kg4 1-0

[Event "11th Philadelphia International"]
[Site "Philadelphia, PA"]
[Date "2017.06.28"]
[Round "8.22"]
[White "Proleiko, Julian"]
[Black "Macaspac, Arthur"]
[Result "1-0"]
[WhiteElo "2156"]
[BlackElo "2059"]
[PlyCount "100"]
[EventDate "2017.06.??"]
[EventType "swiss"]
[EventRounds "9"]
[EventCountry "USA"]

1. e4 c5 2. Nf3 d6 3. d4 cxd4 4. Nxd4 Nf6 5. Nc3 a6 6. Bg5 e6 7. f4 Qb6 8. Nb3
Nbd7 9. Qe2 Qc7 10. g4 b5 11. a3 Bb7 12. Bg2 Rc8 13. O-O-O Nb6 14. Rd3 Nc4 15.
Rhd1 Be7 16. Bh4 Nd7 17. Bxe7 Kxe7 18. e5 d5 19. Qe1 g5 20. Bxd5 exd5 21. Nxd5+
Bxd5 22. Rxd5 Ncb6 23. Qb4+ Ke8 24. R5d2 Qc4 25. Qxc4 Rxc4 26. fxg5 Rg8 27. h4
Rg6 28. Nd4 Rc7 29. e6 Rxe6 30. Nxe6 fxe6 31. b3 Ke7 32. Kb2 Ne5 33. Rd8 Nd5
34. Rh8 Kd6 35. Ra8 Nxg4 36. Rxa6+ Ke5 37. Ra5 Nge3 38. Rd2 Rb7 39. c3 Ke4 40.
a4 bxa4 41. Rxa4+ Kf3 42. Rad4 Nf5 43. R2d3+ Nfe3 44. Rd2 Nb6 45. Rb4 Ned5 46.
Rb5 Nc7 47. Rd3+ Kg4 48. Rb4+ Kf5 49. c4 Na6 50. Rb5+ e5 1-0

[Event "11th Philadelphia International"]
[Site "Philadelphia, PA"]
[Date "2017.06.28"]
[Round "8.24"]
[White "Virtanen, Teemu"]
[Black "Winkelman, Albert"]
[Result "1-0"]
[WhiteElo "2141"]
[BlackElo "2028"]
[PlyCount "61"]
[EventDate "2017.06.??"]
[EventType "swiss"]
[EventRounds "9"]
[EventCountry "USA"]

1. c4 e5 2. g3 Nf6 3. Bg2 d5 4. cxd5 Nxd5 5. Nc3 Nb6 6. Nf3 Nc6 7. O-O Be7 8.
a3 O-O 9. b4 a6 10. d3 Be6 11. Rb1 f5 12. Bb2 Qd7 13. Na4 Nxa4 14. Qxa4 Bf6 15.
Rfc1 Qd6 16. Rc5 a5 17. Qd1 axb4 18. axb4 Nxb4 19. Rb5 Nc6 20. Qc1 h6 21. Rxb7
Ra5 22. Nd2 Nd4 23. Qd1 Bd5 24. Nc4 Bxc4 25. dxc4 Rd8 26. e3 Ne6 27. Bd5 Kh8
28. Bc3 Ra2 29. Qh5 f4 30. gxf4 exf4 31. Bxf6 1-0

[Event "11th Philadelphia International"]
[Site "Philadelphia, PA"]
[Date "2017.06.28"]
[Round "8.26"]
[White "Nguyen, Tan"]
[Black "Bayar, Anu"]
[Result "1/2-1/2"]
[WhiteElo "1949"]
[BlackElo "2041"]
[PlyCount "66"]
[EventDate "2017.06.??"]
[EventType "swiss"]
[EventRounds "9"]
[EventCountry "USA"]

1. d4 Nf6 2. c4 c5 3. d5 e6 4. Nc3 exd5 5. cxd5 g6 6. Nf3 d6 7. h3 Bg7 8. e4
O-O 9. Bd3 b5 10. Bxb5 Nxe4 11. Nxe4 Qa5+ 12. Nfd2 Qxb5 13. Nxd6 Qa6 14. N2c4
Nd7 15. O-O Ne5 16. Nxe5 Bxe5 17. Nxc8 Raxc8 18. Bg5 Bxb2 19. Rb1 Bd4 20. Be7
Qxa2 21. Bxf8 Rxf8 22. Qb3 Qxb3 23. Rxb3 Rd8 24. Rb7 Rxd5 25. Rxa7 c4 26. Rc7
c3 27. Rc1 Be5 28. Rc8+ Kg7 29. Kf1 Rd2 30. R8xc3 Bxc3 31. Rxc3 Rd1+ 32. Ke2
Rg1 33. Kf3 Re1 1/2-1/2

[Event "11th Philadelphia International"]
[Site "Philadelphia, PA"]
[Date "2017.06.28"]
[Round "8.32"]
[White "Shepherd, Duncan"]
[Black "Norman, Dennis"]
[Result "1-0"]
[WhiteElo "1785"]
[BlackElo "1644"]
[PlyCount "75"]
[EventDate "2017.06.??"]
[EventType "swiss"]
[EventRounds "9"]
[EventCountry "USA"]

1. d4 Nf6 2. c4 d6 3. Nf3 Nbd7 4. Nc3 e5 5. g3 Be7 6. Bg2 O-O 7. O-O c6 8. e4
Qc7 9. h3 a6 10. d5 c5 11. Ne1 Re8 12. Nd3 Bf8 13. Be3 g6 14. Qd2 Bg7 15. Rae1
Rb8 16. a4 b6 17. Kh2 Qd8 18. f4 exf4 19. Bxf4 Ne5 20. Nxe5 dxe5 21. Bg5 Rb7
22. Rf2 Qd6 23. Ref1 Nh5 24. Bf3 f6 25. Bh4 Rf8 26. Qe2 Qd7 27. Bg4 Qf7 28. d6
Be6 29. Nd5 Bxd5 30. exd5 Kh8 31. Bxh5 gxh5 32. Bxf6 Bxf6 33. Rxf6 Qxf6 34.
Rxf6 Rxf6 35. Qxe5 Kg7 36. Qg5+ Rg6 37. Qd8 Rf6 38. d7 1-0

[Event "11th Philadelphia International"]
[Site "Philadelphia, PA"]
[Date "2017.06.28"]
[Round "8.33"]
[White "Kumar, Naman"]
[Black "Aravind, Neelakantan"]
[Result "1-0"]
[WhiteElo "1840"]
[BlackElo "1351"]
[PlyCount "84"]
[EventDate "2017.06.??"]
[EventType "swiss"]
[EventRounds "9"]
[EventCountry "USA"]

1. e4 e5 2. Nf3 Nc6 3. Bc4 Bc5 4. c3 Qe7 5. d3 Nf6 6. O-O d6 7. Nbd2 O-O 8. Re1
Bb6 9. Bb3 Be6 10. Bc2 Ng4 11. Re2 f5 12. h3 Nh6 13. exf5 Nxf5 14. Kh2 Nh4 15.
d4 Rae8 16. dxe5 Nxf3+ 17. Nxf3 Rxf3 18. exd6 Qh4 19. Rxe6 Rxe6 20. Qxf3 Rf6
21. Qd5+ Kh8 22. Bg5 Qh5 23. Bb3 Rf8 24. d7 h6 25. Be3 Qxd5 26. Bxd5 Bxe3 27.
Bxc6 Bxf2 28. Rf1 bxc6 29. Rxf2 Rd8 30. Rd2 Kg8 31. Kg3 Kf7 32. Kf4 g6 33. Ke5
Ke7 34. g4 a5 35. a4 c5 36. h4 h5 37. gxh5 gxh5 38. Kf5 Rxd7 39. Rxd7+ Kxd7 40.
Kg5 Ke6 41. Kxh5 Kf5 42. c4 c6 1-0

[Event "11th Philadelphia International"]
[Site "Philadelphia, PA"]
[Date "2017.06.28"]
[Round "8.34"]
[White "Sanjeevi, Bhaskar"]
[Black "Zhu, Evelyn"]
[Result "1/2-1/2"]
[WhiteElo "1583"]
[BlackElo "1754"]
[PlyCount "51"]
[EventDate "2017.06.??"]
[EventType "swiss"]
[EventRounds "9"]
[EventCountry "USA"]

1. Nf3 d5 2. g3 Nf6 3. Bg2 e6 4. O-O c5 5. d3 Nc6 6. Nbd2 Be7 7. e4 O-O 8. Re1
a6 9. e5 Nd7 10. Nf1 b5 11. h4 Re8 12. c4 Nb6 13. cxd5 Nxd5 14. a3 a5 15. Ne3
Bb7 16. Nxd5 Qxd5 17. Ng5 Qd7 18. Nxh7 Kxh7 19. Qh5+ Kg8 20. Be4 g6 21. Bxg6
fxg6 22. Qxg6+ Kh8 23. Qh6+ Kg8 24. Qg6+ Kh8 25. Qh5+ Kg8 26. Qg6+ 1/2-1/2

[Event "11th Philadelphia International"]
[Site "Philadelphia, PA"]
[Date "2017.06.29"]
[Round "9.1"]
[White "Stukopin, Andrey"]
[Black "Perez, Yuniesky"]
[Result "1-0"]
[WhiteElo "2577"]
[BlackElo "2624"]
[PlyCount "107"]
[EventDate "2017.06.??"]
[EventType "swiss"]
[EventRounds "9"]
[EventCountry "USA"]
[WhiteClock "0:07:51"]
[BlackClock "0:09:53"]

1. e4 e5 2. Bc4 Nf6 3. d3 c6 4. Nf3 d5 5. Bb3 Bb4+ 6. Bd2 Bd6 7. exd5 Nxd5 8.
O-O O-O 9. Re1 Nd7 10. Nc3 N5f6 11. Bg5 Qa5 12. Bh4 b5 13. Bxf6 Nxf6 14. Nxe5
b4 15. Nc4 Bxh2+ 16. Kxh2 Qc7+ 17. Kg1 bxc3 18. bxc3 c5 19. Qf3 Bb7 20. Qg3
Qxg3 21. fxg3 Bd5 22. Re5 Rfe8 23. Rae1 Bxc4 24. Bxc4 Kf8 25. Bb5 Rxe5 26. Rxe5
Rc8 27. Kf1 Ng4 28. Re2 Rb8 29. a4 h5 30. Ke1 g6 31. Kd2 Rd8 32. a5 Nh6 33. Re5
Rc8 34. Bd7 Rc7 35. Re8+ Kg7 36. Bc8 f5 37. Be6 Ng4 38. a6 Kf6 39. Bd5 Kg5 40.
Bb7 Nf6 41. Rf8 Rd7 42. c4 Ne4+ 43. Ke3 Nxg3 44. Rc8 Re7+ 45. Kd2 Nf1+ 46. Kc3
Re2 47. Bf3 Re6 48. Rxc5 Rxa6 49. Rb5 Ne3 50. c5 Ra2 51. c6 Nxc2 52. c7 Na3 53.
Rb2 Ra1 54. Kd2 1-0

[Event "11th Philadelphia International"]
[Site "Philadelphia, PA"]
[Date "2017.06.29"]
[Round "9.3"]
[White "Zhou, Jianchao"]
[Black "Checa, Nicolas"]
[Result "1/2-1/2"]
[WhiteElo "2595"]
[BlackElo "2415"]
[PlyCount "135"]
[EventDate "2017.06.??"]
[EventType "swiss"]
[EventRounds "9"]
[EventCountry "USA"]
[WhiteClock "0:40:26"]
[BlackClock "0:07:41"]

1. d4 d5 2. c4 c6 3. Nc3 Nf6 4. e3 a6 5. Nf3 Bf5 6. Bd2 e6 7. Nh4 Be4 8. f3 Bg6
9. Nxg6 hxg6 10. Qb3 Qc7 11. c5 Nbd7 12. g3 Be7 13. Be2 e5 14. O-O-O Rb8 15.
Na4 e4 16. f4 b5 17. cxb6 Nxb6 18. Ba5 Nfd7 19. Nxb6 Nxb6 20. Kb1 Qa7 21. Qc2
O-O 22. Qxc6 Rfc8 23. Bxb6 Qxb6 24. Qxb6 Rxb6 25. Rc1 Rcb8 26. b3 Bb4 27. Rc7
Bd2 28. Rd7 Bxe3 29. Rxd5 Bd2 30. Kc2 e3 31. Bc4 Kf8 32. Kd3 a5 33. Rd1 Ke7 34.
h4 R8b7 35. Re5+ Kd8 36. Ke2 Rd6 37. d5 Re7 38. Rh1 Re8 39. Rh2 Rh8 40. Kd3 f6
41. Re6 Rxe6 42. dxe6 Ke7 43. Rh1 f5 44. Ke2 Kf6 45. Kf3 Re8 46. Rb1 Rc8 47.
Rg1 Rh8 48. Rg2 Ke7 49. Rh2 Kf6 50. Ke2 Bc1 51. Rh1 Bd2 52. Rg1 Rh7 53. Kf3 Rh8
54. Rh1 Re8 55. Rh2 Rh8 56. g4 fxg4+ 57. Kxg4 Be1 58. Rh3 Bf2 59. h5 Rxh5 60.
Rxh5 gxh5+ 61. Kxh5 e2 62. Bxe2 Kxe6 63. Kg6 Bd4 64. a3 Kd6 65. b4 axb4 66.
axb4 Bc3 67. b5 Kc5 68. f5 1/2-1/2

[Event "11th Philadelphia International"]
[Site "Philadelphia, PA"]
[Date "2017.06.29"]
[Round "9.4"]
[White "Nyzhnyk, Illia"]
[Black "Li, Ruifeng"]
[Result "0-1"]
[WhiteElo "2612"]
[BlackElo "2571"]
[PlyCount "80"]
[EventDate "2017.06.??"]
[EventType "swiss"]
[EventRounds "9"]
[EventCountry "USA"]
[WhiteClock "0:17:44"]
[BlackClock "0:17:35"]

1. Nf3 Nf6 2. c4 e6 3. Nc3 d5 4. e3 b6 5. b3 Bb7 6. Bb2 a6 7. d4 Bd6 8. Qc2 O-O
9. Bd3 c5 10. dxc5 bxc5 11. Rd1 Nbd7 12. O-O Re8 13. Rfe1 Qc7 14. h3 g6 15. Qe2
Bf8 16. Rc1 e5 17. Nd2 d4 18. Nd5 Nxd5 19. cxd5 Bxd5 20. exd4 exd4 21. Qxe8
Rxe8 22. Rxe8 Nf6 23. Ree1 Qf4 24. Rc2 Bd6 25. g3 Qg5 26. Bc1 Bxg3 27. Ne4
Bxf2+ 28. Kxf2 Qh4+ 29. Ng3 Qxh3 30. Rg1 Ng4+ 31. Ke1 Ne5 32. Bf1 Qe6 33. Re2
Bf3 34. Bh3 Qe7 35. Rxe5 Qxe5+ 36. Kf2 Bc6 37. Bh6 d3 38. Re1 Qd4+ 39. Be3 Qf6+
40. Kg1 Qh4 0-1

[Event "11th Philadelphia International"]
[Site "Philadelphia, PA"]
[Date "2017.06.29"]
[Round "9.5"]
[White "Aaron, Deepak"]
[Black "Becerra, Julio"]
[Result "0-1"]
[WhiteElo "2321"]
[BlackElo "2556"]
[PlyCount "80"]
[EventDate "2017.06.??"]
[EventType "swiss"]
[EventRounds "9"]
[EventCountry "USA"]

1. e4 e5 2. Nf3 Nc6 3. Bc4 Nf6 4. d3 Be7 5. Nc3 O-O 6. h3 d6 7. Be3 Na5 8. g4
Nxc4 9. dxc4 Be6 10. Qe2 c6 11. O-O-O Qa5 12. g5 Nh5 13. Nh4 Nf4 14. Bxf4 exf4
15. Nf5 Rfe8 16. Nxe7+ Rxe7 17. Rxd6 Qxg5 18. Qd3 Rae8 19. f3 Qe5 20. Rd4 f6
21. h4 Bf7 22. Rd1 h6 23. a3 Qh5 24. Rh1 Qe5 25. Kb1 Bh5 26. Rf1 Bg6 27. Qd2
Bf7 28. b3 g5 29. Rd1 Kg7 30. Ne2 Bg6 31. Rd6 Re6 32. Rd7+ R6e7 33. Qb4 b6 34.
hxg5 hxg5 35. Qa4 g4 36. Qxa7 gxf3 37. Nxf4 Bxe4 38. Rxe7+ Rxe7 39. Rd7 Bxc2+
40. Ka2 Bb1+ 0-1

[Event "11th Philadelphia International"]
[Site "Philadelphia, PA"]
[Date "2017.06.29"]
[Round "9.6"]
[White "Wheeler, Cameron"]
[Black "Peng, David"]
[Result "1/2-1/2"]
[WhiteElo "2407"]
[BlackElo "2254"]
[PlyCount "55"]
[EventDate "2017.06.??"]
[EventType "swiss"]
[EventRounds "9"]
[EventCountry "USA"]

1. Nf3 d5 2. d4 Nf6 3. c4 g6 4. cxd5 Nxd5 5. e4 Nb6 6. h3 Bg7 7. Nc3 O-O 8. Be3
Nc6 9. Be2 f5 10. d5 Ne5 11. Qb3 Nxf3+ 12. Bxf3 Kh8 13. O-O-O f4 14. Bd2 Qe8
15. Kb1 Bd7 16. Bg4 a5 17. Bxd7 Qxd7 18. Nb5 c6 19. dxc6 Qxc6 20. Bc3 Bxc3 21.
Nxc3 Rfd8 22. f3 e5 23. Rxd8+ Rxd8 24. Rd1 Rxd1+ 25. Qxd1 Kg7 26. Qd8 Qc5 27.
a3 Nc4 28. Ka2 1/2-1/2